Aktuálne problémy slovenskej ekonomiky
Dlhová kríza a nepriaznivý vývoj externého makroekonomického prostredia. Exportná výkonnosť ekonomiky SR ako jeden z rozhodujúcich faktorov, ktoré pozitívne ovplyvňujú ekonomický vývoj Slovenska. Štruktúrne aspekty vývozu zo SR. Neprepojenosť medzi hospodárskym rastom a zamestnanosťou. Verejné finan...
Enregistré dans:
| Auteur principal: | |
|---|---|
| Format: | Chapitre de livre |
| Langue: | slovaque |
| Sujets: | |
| Tags: |
Pas de tags, Soyez le premier à ajouter un tag!
|
MARC
| LEADER | 00000nla a2200000 4500 | ||
|---|---|---|---|
| 001 | 0181203 | ||
| 005 | 20240502083427.0 | ||
| 041 | 0 | |a slo | |
| 044 | |a CZ | ||
| 245 | 1 | 0 | |a Aktuálne problémy slovenskej ekonomiky |c Elena Fifeková |
| 520 | |a Dlhová kríza a nepriaznivý vývoj externého makroekonomického prostredia. Exportná výkonnosť ekonomiky SR ako jeden z rozhodujúcich faktorov, ktoré pozitívne ovplyvňujú ekonomický vývoj Slovenska. Štruktúrne aspekty vývozu zo SR. Neprepojenosť medzi hospodárskym rastom a zamestnanosťou. Verejné financie SR a potreba ich konsolidácie. | ||
| 610 | 2 | 0 | |a situácia hospodárska |
| 610 | 2 | 0 | |a rast hospodársky |
| 610 | 2 | 0 | |a vývoz |
| 610 | 2 | 0 | |a zamestnanosť |
| 610 | 2 | 0 | |a produktivita práce |
| 610 | 2 | 0 | |a financie verejné |
| 610 | 2 | 0 | |a dlhy verejné |
| 610 | 2 | 0 | |a Slovensko |
| 100 | 1 | |a Fifeková, Elena | |